Big Data Research for Social Sciences and Social Impact (Record no. 44925)

MARC details
000 -LEADER
fixed length control field 02734nam a2200277Ia 4500
001 - CONTROL NUMBER
control field https://directory.doabooks.org/handle/20.500.12854/42089
003 - CONTROL NUMBER IDENTIFIER
control field URS
005 - DATE AND TIME OF LATEST TRANSACTION
control field 20260218105540.0
008 - FIXED-LENGTH DATA ELEMENTS--GENERAL INFORMATION
fixed length control field 211013s9999 xx 000 0 und d
020 ## - INTERNATIONAL STANDARD BOOK NUMBER
International Standard Book Number 9783039282210
024 ## - OTHER STANDARD IDENTIFIER
Standard number or code 10.3390/books978-3-03928-221-0
040 ## - CATALOGING SOURCE
Transcribing agency URS
Modifying agency
042 ## - AUTHENTICATION CODE
Authentication code dc
245 #0 - TITLE STATEMENT
Title Big Data Research for Social Sciences and Social Impact
260 ## - PUBLICATION, DISTRIBUTION, ETC.
Name of publisher, distributor, etc. MDPI - Multidisciplinary Digital Publishing Institute
Date of publication, distribution, etc. 2020
300 ## - PHYSICAL DESCRIPTION
Extent 1 electronic resource (416 p.)
520 ## - SUMMARY, ETC.
Summary, etc. A new era of innovation is enabled by the integration of social sciences and information systems research. In this context, the adoption of Big Data and analytics technology brings new insight to the social sciences. It also delivers new, flexible responses to crucial social problems and challenges. We are proud to deliver this edited volume on the social impact of big data research. It is one of the first initiatives worldwide analyzing of the impact of this kind of research on individuals and social issues. The organization of the relevant debate is arranged around three pillars: Section A: Big Data Research for Social Impact: ??? Big Data and Their Social Impact; ??? (Smart) Citizens from Data Providers to Decision-Makers; ??? Towards Sustainable Development of Online Communities; ??? Sentiment from Online Social Networks; ??? Big Data for Innovation. Section B. Techniques and Methods for Big Data driven research for Social Sciences and Social Impact: ??? Opinion Mining on Social Media; ??? Sentiment Analysis of User Preferences; ??? Sustainable Urban Communities; ??? Gender Based Check-In Behavior by Using Social Media Big Data; ??? Web Data-Mining Techniques; ??? Semantic Network Analysis of Legacy News Media Perception. Section C. Big Data Research Strategies: ??? Skill Needs for Early Career Researchers??�A Text Mining Approach; ??? Pattern Recognition through Bibliometric Analysis; ??? Assessing an Organization's Readiness to Adopt Big Data; ??? Machine Learning for Predicting Performance; ??? Analyzing Online Reviews Using Text Mining; ??? Context-Problem Network and Quantitative Method of Patent Analysis. Complementary social and technological factors including: ??? Big Social Networks on Sustainable Economic Development; Business Intelligence.
540 ## - TERMS GOVERNING USE AND REPRODUCTION NOTE
Terms governing use and reproduction Creative Commons
653 ## - INDEX TERM--UNCONTROLLED
Uncontrolled term online community
700 1# - ADDED ENTRY--PERSONAL NAME
Personal name Chui, Kwok Tai
700 1# - ADDED ENTRY--PERSONAL NAME
Personal name Lytras, Miltiadis
700 1# - ADDED ENTRY--PERSONAL NAME
Personal name Visvizi, Anna
856 ## - ELECTRONIC LOCATION AND ACCESS
Uniform Resource Identifier <a href="https://docs.google.com/spreadsheets/d/1yKIrdCPDAG_9c22mwoOIO2DOhtj65Wqa/edit?usp=sharing&ouid=106555315294820607512&rtpof=true&sd=true ">https://docs.google.com/spreadsheets/d/1yKIrdCPDAG_9c22mwoOIO2DOhtj65Wqa/edit?usp=sharing&ouid=106555315294820607512&rtpof=true&sd=true </a>
Link text List of Curated E-Books
942 ## - ADDED ENTRY ELEMENTS (KOHA)
Koha item type E-Book
Source of classification or shelving scheme Library of Congress Classification
Holdings
Withdrawn status Source of classification or shelving scheme Damaged status Not for loan Home library Current library Date acquired Total Checkouts Date last seen Price effective from Koha item type
  Library of Congress Classification   Not For Loan Directory of Open Access Books Directory of Open Access Books 12/22/2021   12/22/2021 12/22/2021 E-Book

University of Rizal System
Email us at univlibservices@urs.edu.ph

Visit our Website www.urs.edu.ph/library